|
|
|
|
| LEADER |
01701nam a2200409 i 4500 |
| 001 |
EBC4643955 |
| 003 |
MiAaPQ |
| 005 |
20210510081231.0 |
| 006 |
m o d | |
| 007 |
cr cnu|||||||| |
| 008 |
210510s2008 ctu o 000 0 eng d |
| 020 |
|
|
|z 9780300136876
|q (print)
|
| 020 |
|
|
|z 9780300145427
|q (electronic bk.)
|
| 035 |
|
|
|a (MiAaPQ)EBC4643955
|
| 035 |
|
|
|a (Au-PeEL)EBL4643955
|
| 035 |
|
|
|a (OCoLC)1245922878
|
| 040 |
|
|
|a MiAaPQ
|b eng
|e rda
|e pn
|c MiAaPQ
|d MiAaPQ
|
| 050 |
|
4 |
|a HD30.28
|b .O476 2008
|
| 082 |
0 |
|
|a 658.4012
|2 23
|
| 100 |
1 |
|
|a Olson, Matthew S.,
|d 1951-
|e author.
|
| 245 |
1 |
0 |
|a Stall points :
|b most companies stop growing, yours doesn't have to /
|c Matthew S. Olson and Derek van Bever.
|
| 264 |
|
1 |
|a New Haven ;
|a London :
|b Yale University Press,
|c [2008]
|
| 264 |
|
4 |
|c 2008
|
| 300 |
|
|
|a 1 online resource (215 pages)
|
| 336 |
|
|
|a text
|b txt
|2 rdacontent
|
| 337 |
|
|
|a computer
|b c
|2 rdamedia
|
| 338 |
|
|
|a online resource
|b cr
|2 rdacarrier
|
| 588 |
|
|
|a Description based on print version record.
|
| 590 |
|
|
|a Electronic reproduction. Ann Arbor, MI : ProQuest, 2018. Available via World Wide Web. Access may be limited to ProQuest affiliated libraries.
|
| 650 |
|
0 |
|a Business planning.
|
| 650 |
|
0 |
|a Corporations
|x Growth.
|
| 650 |
|
0 |
|a Strategic planning.
|
| 655 |
|
4 |
|a Electronic books.
|
| 700 |
1 |
|
|a Van Bever, Derek,
|d 1957-
|e author.
|
| 776 |
0 |
8 |
|i Print version:
|a Olson, Matthew S.
|t Stall points : most companies stop growing, yours doesn't have to.
|d New Haven ; London : Yale University Press, c2008
|h 215 pages
|z 9780300136876
|
| 797 |
2 |
|
|a ProQuest (Firm)
|
| 856 |
4 |
0 |
|u https://ebookcentral.proquest.com/lib/matrademy/detail.action?docID=4643955
|z Click to View
|